Statistics for The Scott Morrison Premiership

Click here to take the quiz!

General Stats

  • This quiz has been taken 25 times
  • The average score is 15 of 20

Answer Stats

Answer% Correct
Coal
92%
Hawaii
92%
Liberal Party of Australia
92%
Malcolm Turnbull
92%
I've always believed in {miracles}
85%
Robodebt
85%
AUKUS
77%
Cook
77%
Cronulla Sharks
77%
Operation {Sovereign} {Borders}
77%
{Tourism} Australia
77%
Engadine Maccas
69%
Josh Frydenberg
69%
Ministerial Positions
69%
Scotty from {Marketing}
69%
Jenny
62%
That's not my {job}
62%
2022 Eastern Australia Floods
54%
Pentecostalism
54%
Climate Change
46%

Score Distribution

Percentile by Number Answered

Percent of People with Each Score

Your Score History

You have not taken this quiz